| 000 | 00456nam a2200169Ia 4500 | ||
|---|---|---|---|
| 005 | 20240626144935.0 | ||
| 008 | 240126s9999 xx 000 0 und d | ||
| 020 | _a9781259026416 | ||
| 082 | _a658.8 RAM;1 R | ||
| 100 | _aRamaswamy V S. Namakumari S. | ||
| 245 | 0 | _aMarketing management : global perspective indian context | |
| 250 | _a5th ed. | ||
| 260 |
_bMcMillan india _aNew Delhi _c2013 |
||
| 300 | _axlv, 788 | ||
| 440 | _aNULL | ||
| 942 | _cPU | ||
| 999 |
_c273129 _d273129 |
||